Nociones preliminares sobre el proyecto de reforma previsional (Registro nro. 29687)

Detalles MARC
000 -LEADER
fixed length control field 00349 a2200109 4500
001 - CONTROL NUMBER
control field ART_45313
005 - DATE AND TIME OF LATEST TRANSACTION
control field 20260410161943.0
008 - FIXED-LENGTH DATA ELEMENTS--GENERAL INFORMATION
fixed length control field 260409a
100 1# - MAIN ENTRY--PERSONAL NAME
Personal name Maligne, Alejandro M.
245 10 - TITLE STATEMENT
Title Nociones preliminares sobre el proyecto de reforma previsional
773 0# - HOST ITEM ENTRY
Title Temas de derecho laboral
Related parts - Nº 12 (dic. 2017)
Record control number REV27619

No hay ítems disponibles.